[Event "ESP-ch U18"]
[Site "Salobrena"]
[Date "2023.08.05"]
[Round "9"]
[White "Zubizarreta Landera, Amets"]
[Black "Gomez Pastrana, Juan"]
[Result "0-1"]
[WhiteElo "2077"]
[BlackElo "1935"]
[PlyCount "128"]
[EventDate "2023.07.31"]
[EventType "swiss"]
[EventRounds "9"]
[EventCountry "ESP"]
[SourceTitle "CBM 215 Extra"]
[Source "ChessBase"]
[SourceDate "2023.09.30"]
[SourceVersion "1"]
[SourceVersionDate "2023.09.30"]
[SourceQuality "1"]

1. d4 Nf6 2. c4 e6 3. Nc3 Bb4 4. Qc2 d5 5. a3 Be7 6. cxd5 exd5 7. Bg5 c6 8. e3 h6 9. Bh4 Be6 10. Bd3 0-0 11. Nge2 Nbd7 12. Nf4 Qb6 13. 0-0 Bd6 14. Bg3 Be7 15. Rad1 c5 16. Na4 Qc6 17. Nxc5 Nxc5 18. dxc5 Qxc5 19. Qe2 Rac8 20. Bb1 Qb6 21. Rd2 Bc5 22. Qd3 Ne4 23. b4 Be7 24. Rc2 Rxc2 25. Bxc2 Rc8 26. Ne2 Bf5 27. Nd4 Bg6 28. Qe2 Bf6 29. Bxe4 Bxe4 30. Qg4 Rc3 31. Nf5 Bxf5 32. Qxf5 Qc6 33. h3 Rxa3 34. Rd1 Ra1 35. Rxa1 Bxa1 36. b5 Qe6 37. Qc2 Qd7 38. Qc5 Bf6 39. Bd6 Bd8 40. Be5 Bb6 41. Qb4 Qe6 42. Bd4 Bxd4 43. exd4 Qb6 44. Qc3 g6 45. Kh2 Qxb5 46. Qc8+ Kg7 47. Qb8 a5 48. Qe5+ Kh7 49. Qc7 Qe8 50. Qxb7 a4 51. Qxd5 a3 52. Qb3 Qe7 53. g3 Kg7 54. d5 Qa7 55. Qa2 Qc5 56. Qa1+ Kg8 57. Kg1 Qb4 58. Qe5 a2 59. Qe8+ Kg7 60. Qe5+ Kh7 61. Qf6 Qb1+ 62. Kg2 a1Q 63. Qxf7+ Qg7 64. Qf3 Qf5 0-1

[Event "ESP-ch U18"]
[Site "Salobrena"]
[Date "2022.08.03"]
[Round "4"]
[White "Lopez Varela, Pablo"]
[Black "Zubizarreta Landera, Amets"]
[Result "1-0"]
[WhiteElo "2158"]
[BlackElo "1899"]
[PlyCount "89"]
[EventDate "2022.08.01"]
[EventType "swiss"]
[EventRounds "9"]
[EventCountry "ESP"]
[SourceTitle "EXT 2023"]
[Source "ChessBase"]
[SourceDate "2022.10.05"]
[SourceVersion "1"]
[SourceVersionDate "2022.10.05"]
[SourceQuality "1"]

1. e4 e6 2. d4 d5 3. Nc3 Bb4 4. exd5 exd5 5. Bd3 Nf6 6. Nge2 Bg4 7. f3 Bh5 8. a3 Bd6 9. Nb5 Be7 10. Bf4 Na6 11. Nbc3 Nb8 12. g4 Bg6 13. h4 c6 14. h5 Bxd3 15. Qxd3 Na6 16. Ng3 Nc7 17. g5 Nd7 18. g6 hxg6 19. hxg6 Rxh1+ 20. Nxh1 Ne6 21. Qf5 Nf6 22. Be5 fxg6 23. Qxe6 Qd7 24. Qxd7+ Nxd7 25. Nf2 Nxe5 26. dxe5 Kf7 27. Ke2 Ke6 28. Ng4 Rh8 29. Rd1 Bg5 30. Na4 b6 31. c4 Bf4 32. cxd5+ cxd5 33. Kf2 Rd8 34. Rd4 Bxe5 35. Nxe5 Kxe5 36. Ke3 g5 37. Nc3 Rd6 38. b4 a6 39. a4 a5 40. b5 Rd8 41. Kd3 Rd6 42. Rg4 g6 43. Rxg5+ Kf4 44. Rxd5 Re6 45. Ne2+ 1-0

[Event "ESP-ch U16"]
[Site "Salobrena"]
[Date "2020.08.10"]
[Round "2"]
[White "Rodriguez Redondo, Adhara"]
[Black "Zubizarreta Landera, Amets"]
[Result "1-0"]
[WhiteElo "2106"]
[BlackElo "1862"]
[PlyCount "121"]
[EventDate "2020.08.10"]
[EventType "swiss"]
[EventRounds "9"]
[EventCountry "ESP"]
[SourceTitle "EXT 2021"]
[Source "ChessBase"]
[SourceDate "2020.10.23"]
[SourceVersion "1"]
[SourceVersionDate "2020.10.23"]
[SourceQuality "1"]

1. e4 e5 2. Nf3 Nc6 3. Bc4 Nf6 4. d3 Be7 5. c3 0-0 6. 0-0 d5 7. exd5 Nxd5 8. Nbd2 Nb6 9. Bb5 f6 10. Ne4 Bg4 11. h3 Bh5 12. Ng3 Bf7 13. Be3 a6 14. Bxc6 bxc6 15. Nf5 Be6 16. Nxe7+ Qxe7 17. Qc2 Rad8 18. Rad1 Qd7 19. d4 Bf5 20. Qe2 e4 21. Nd2 Nd5 22. Nb3 Bxh3 23. Nc5 Qg4 24. Qxg4 Bxg4 25. Rd2 Nxe3 26. fxe3 Rde8 27. Nxa6 Ra8 28. Nb4 Kf7 29. Nxc6 Ke6 30. b4 g5 31. d5+ Kd7 32. Rdf2 h5 33. Rxf6 Rxf6 34. Rxf6 Rxa2 35. Ne5+ Ke7 36. Rg6 Re2 37. Nxg4 hxg4 38. Rxg5 Rxe3 39. Rxg4 Rxc3 40. Rxe4+ Kd6 41. Kf2 Kxd5 42. Rh4 c5 43. Rh5+ Ke6 44. Rxc5 Rb3 45. b5 Kf6 46. g3 Kg6 47. Kg2 Rb2+ 48. Kh3 Rb4 49. g4 Rb3+ 50. Kh4 Rb1 51. Rc6+ Kf7 52. b6 Kg7 53. Kh5 Rb2 54. g5 Rh2+ 55. Kg4 Rb2 56. Kf5 Rb5+ 57. Ke6 Rxg5 58. Rc7+ Kg6 59. b7 Rb5 60. Kd7 Kf7 61. Kc6+ 1-0

[Event "Erandio op 28th"]
[Site "Erandio"]
[Date "2019.12.21"]
[Round "8"]
[White "Villanueva Arguinberri, Bruno"]
[Black "Zubizarreta Landera, Amets"]
[Result "1/2-1/2"]
[WhiteElo "2029"]
[BlackElo "1828"]
[PlyCount "55"]
[EventDate "2019.12.14"]
[EventType "swiss"]
[EventRounds "8"]
[EventCountry "ESP"]
[SourceTitle "CBM 194 Extra"]
[Source "ChessBase"]
[SourceDate "2020.03.31"]
[SourceVersion "1"]
[SourceVersionDate "2020.03.31"]
[SourceQuality "1"]

1. d4 Nf6 2. Nf3 c5 3. e3 g6 4. Bd3 Bg7 5. 0-0 0-0 6. c3 b6 7. e4 cxd4 8. cxd4 Ba6 9. Nc3 Bxd3 10. Qxd3 d6 11. h3 Nbd7 12. e5 Ne8 13. e6 fxe6 14. Ng5 Nc7 15. Nb5 Nxb5 16. Nxe6 Qe8 17. Qxb5 Rf5 18. Nxg7 Rxb5 19. Nxe8 Rxe8 20. b3 Nf6 21. Re1 Rf5 22. Ba3 Kf8 23. Bb2 Nd5 24. g3 Kg7 25. Re2 Rc8 26. Rc1 Rff8 27. Rec2 Rxc2 28. Rxc2 1/2-1/2

[Event "Erandio op 28th"]
[Site "Erandio"]
[Date "2019.12.20"]
[Round "7"]
[White "Zubizarreta Landera, Amets"]
[Black "Caballero Acosta, Erlantz"]
[Result "1-0"]
[WhiteElo "1828"]
[BlackElo "1721"]
[PlyCount "65"]
[EventDate "2019.12.14"]
[EventType "swiss"]
[EventRounds "8"]
[EventCountry "ESP"]
[SourceTitle "CBM 194 Extra"]
[Source "ChessBase"]
[SourceDate "2020.03.31"]
[SourceVersion "1"]
[SourceVersionDate "2020.03.31"]
[SourceQuality "1"]

1. e4 c6 2. d4 d5 3. exd5 cxd5 4. Bf4 Nc6 5. c3 Nf6 6. Bd3 Bg4 7. Qb3 Qc8 8. Nd2 e6 9. Ngf3 Be7 10. 0-0 0-0 11. Rae1 a6 12. Qc2 h6 13. h3 Bxf3 14. Nxf3 b5 15. a3 Qb7 16. Qd2 Ne4 17. Bxe4 dxe4 18. Rxe4 Na5 19. Rfe1 Kh7 20. Qc2 g6 21. Qc1 h5 22. Ng5+ Bxg5 23. Bxg5 Rae8 24. Bf6 Nc4 25. Rh4 Qd5 26. b3 Qf5 27. Rf4 Qd3 28. bxc4 Qxc4 29. Rh4 Rd8 30. Qg5 Qf1+ 31. Rxf1 Rxd4 32. Rxh5+ gxh5 33. Qg7# 1-0